Poesías completas / (Registro nro. 5172)

000 -CABECERA
campo de control de longitud fija 00716nam a2200241 u 4500
001 - NÚMERO DE CONTROL
campo de control 000055616
005 - FECHA Y HORA DE LA ÚLTIMA TRANSACCIÓN
campo de control 20200120223128.0
008 - DATOS DE LONGITUD FIJA--INFORMACIÓN GENERAL
campo de control de longitud fija 130606s1977 mx gr 000 0 spa d
041 0# - CÓDIGO DE LENGUA
Código de lengua del texto/banda sonora o título independiente *spa
043 ## - CÓDIGO DE ÁREA GEOGRÁFICA
Código de área geográfica n-mx---
090 ## - LOCALMENTE ASIGNADO TIPO-LC NÚMERO DE CLASIFICACIÓN (OCLC); NÚMERO DE CLASIFICACIÓN LOCAL (RLIN)
Número de clasificación (OCLC) (R) ; Numero de clasificación, CALL (RLIN) (NR) AP
Número cutter local (OCLC) ; Número de libro/Signatura topográfica íntegra, CALL (RLIN) GARV Aguilar
100 1# - ENTRADA PRINCIPAL--NOMBRE DE PERSONA
Nombre de persona Garcilaso de la Vega
245 10 - MENCIÓN DE TÍTULO
Título Poesías completas /
Mención de responsabilidad, etc. Garcilaso de la Vega ; nota preliminar de Federico Carlos Sainz de Robles.
250 ## - MENCIÓN DE EDICIÓN
Mención de edición 5a. ed.
260 ## - PUBLICACIÓN, DISTRIBUCIÓN, ETC.
Lugar de publicación, distribución, etc. México :
Nombre del editor, distribuidor, etc. Aguilar,
Fecha de publicación, distribución, etc. 1977.
300 ## - DESCRIPCIÓN FÍSICA
Extensión 281 p.
490 0# - MENCIÓN DE SERIE
Mención de serie crisol literario
Designación de volumen o secuencia 34
650 14 - PUNTO DE ACCESO ADICIONAL DE MATERIA--TÉRMINO DE MATERIA
Término de materia o nombre geográfico como elemento de entrada Poesía española.
650 24 - PUNTO DE ACCESO ADICIONAL DE MATERIA--TÉRMINO DE MATERIA
Término de materia o nombre geográfico como elemento de entrada Literatura española.
650 24 - PUNTO DE ACCESO ADICIONAL DE MATERIA--TÉRMINO DE MATERIA
Término de materia o nombre geográfico como elemento de entrada Mujeres en la literatura.
650 24 - PUNTO DE ACCESO ADICIONAL DE MATERIA--TÉRMINO DE MATERIA
Término de materia o nombre geográfico como elemento de entrada Amor en la literatura.
700 1# - PUNTO DE ACCESO ADICIONAL--NOMBRE DE PERSONA
Nombre de persona Saínz de Robles, Federico Carlos
Existencias
Estado de retiro Estado de pérdida Fuente del sistema de clasificación o colocación Estado dañado No para préstamo Código de colección Localización permanente Ubicación/localización actual Fecha de adquisición Número de inventario Total de préstamos Signatura topográfica completa Código de barras Fecha visto por última vez Número de copia Precio válido a partir de Tipo de ítem Koha Nota pública
          Literatura Adulto Biblioteca Pública San Juan Bosco Biblioteca Pública San Juan Bosco 20/01/2020 103821   AP GARV Aguilar MOS004726 05/01/2021 ej.1 20/01/2020 Libro Literatura Quince días

© Todos los derechos reservados para la Biblioteca Pública Municipal San Juan Bosco, 2020
Secretaria de Cultura de Mosquera
Carrera 3 N° 10 Esquina Centro Cultural Barrio El Carmén Teléfono: 8270830 Ext: 34
Funcionando con KOHA
Contacto: Biblioteca Pública Municipal San Juan Bosco/ bibliotecasanjuanbosco@mosquera-cundinamarca.gov.co
Mosquera, Cundinamarca